CONTEMPORARY issues in the social sciences
Saved in:
| Format: | Book |
|---|---|
| Language: | English |
| Published: |
Transcradle Media
1995
|
| Tags: |
Add Tag
No Tags, Be the first to tag this record!
|
MARC
| LEADER | 00000nam a22000007a 4500 | ||
|---|---|---|---|
| 008 | 201208b ||||| |||| 00| 0 eng d | ||
| 020 | |a 978-3670-3-0 | ||
| 245 | |a CONTEMPORARY issues in the social sciences |c edited by S.T. Akindele, C.O. Ajila | ||
| 250 | |c Akindele, S.T | ||
| 250 | |c Ajila, C.O. | ||
| 260 | |b Transcradle Media |c 1995 |i 296439 |l H65.C76 |m Social sciences - contemporary issues | ||
| 942 | |a lcc |c BK |e Adeagbo, O.O. |f 8/12/2020 | ||
| 952 | |0 0 |1 0 |2 lcc |4 0 |6 H0065 C76 |7 0 |9 262 |a HOL |b HOL |c GJ |d 2020-12-08 |l 0 |o H65.C76 |p 2020-0202 |r 2020-12-08 00:00:00 |w 2020-12-08 |y BK | ||
| 999 | |c 106 |d 106 | ||